banner-ar

السودان : (Record no. 62638)

MARC details
000 -الفاتح
حقل البيانات ثابتة الطول 00853nam a22002177a 4500
005 - وقت وتاريخ اخر تعامل مع التسجيلة
رقم الضبط 20240530110559.0
008 - عناصر البيانات ثابتة الطول - معلومات عامة
حقل البيانات ثابتة الطول 160904s2011 ua g 001 0 ara d
017 ## - رقم الايداع القانونى
رقم الايداع القانونى 2011/3749
المصدر ( الهيئة المختصة) مصر . دار الكتب المصرية
020 ## - الرقم الدولى المعيارى للكتب
الرقم الدولى المعيارى للكتاب 9789773201689
040 ## - مصدر الفهرسة
وكالة الفهرسة الأصلية EG-CaGPL
082 04 - رقم تصنيف ديوى العشرى
رقم الطبعة 21
رقم التصنيف 962.46\
رقم المادة م س
100 0# - المدخل الرئيسى - إسم شخصى
الإسم الشخصى ممدوح عبدالمنعم .
245 12 - بيان العنوان
العنوان السودان :
بقية العنوان مع ملحق نص الاتفاقيات كاملة /
بيان المسئوليه,etc ممدوح عبد المنعم .
250 ## - بيان الطبعة
بيان الطبعة ط1.
260 ## - PUBLICATION, DISTRIBUTION, ETC. (IMPRINT)
تاريخ النشر أو التوزيع 2011 .
300 ## - الوصف المادى
التعداد 446 ص ؛
أبعاد الوعاء 24 سم .
651 04 - المدخل الاضافى بالموضوع - اسم جغرافى
الاسم الجغرافي السودان
التقسيم الفرعي العام تاريخ
التقسيم الفرعي الزمني العصر الحديث .
651 04 - المدخل الاضافى بالموضوع - اسم جغرافى
الاسم الجغرافي السودان
التقسيم الفرعي العام تاريخ
التقسيم الفرعي الزمني عمر البشير .
942 ## - عناصر المدخل الإضافي( كوها)
مصدر التصنيف او مخطط الترفيف Dewey Decimal Classification
Koha [default] item type كتاب
260 ## - PUBLICATION, DISTRIBUTION, ETC. (IMPRINT)
-- القاهرة :
-- مركز الاهرام للنشر والترجمة والتوزيع ،
Holdings
حالة التراجع حالة الفقد حالة تلف ليس للاعارة المكان المؤقت الموقع الحالى تاريخ الاكتساب اجمالي اﻻعارات رقم الطلب الباركود تاريخ اخر مشاهدة تاريخ تفعيل السعر نوع وعاء كوها
        مكتبة القاهرة الكبرى مكتبة القاهرة الكبرى 09/04/2016   962.46\ م س 162427 09/04/2016 09/04/2016 كتاب

Powered By

EGPV